Les 10 villes d'Allemagne les plus peuplées commençant par T - Statistiques

Statistiques générales
  • Ce quiz a été pris 10 fois
  • Le résultat moyen est 2 sur 10
Statistiques - réponses
# Ville Poput % Correct
1 Trier 112.737
100%
7 Teltow 27.408
29%
9 Tettnang 20.350
14%
8 Traunstein 20.704
14%
3 Troisdorf 75.828
14%
4 Tuttlingen 37.167
14%
5 Taunusstein 30.132
0%
6 Tönisvorst 29.147
0%
10 Traunreut 20.139
0%
2 Tubingue 91.763
0%
Aucun quiz correspondant
Distribution des résultats
% des personnes avec chaque résultat
Percentile par nombre de réponses
Votre historique - résultats
Vous n’avez pas pris ce quiz